000 00910nam a2200241 a 4500
001 21317
003 CO-ViMGA
008 141112s2004 ck r 000 u spa d
020 _a9684268629
040 _aCO-ViMGA
_bspa
_cCO-ViMGA
082 0 4 _a610.28 W355i
100 1 _aWells, Maryann Papanier
_930397
245 1 0 _aInstrumental quirúrgico
250 _a2
260 _aMexico; El manual moderno,
_c2000
300 _a466
505 _aCortantes y disecadores 1 - - Separadores 207 - - Equipo para sutura 297 - - Cánulas de succión 323 - - Dilatadores, estiletes y sondas 337
590 _aForma de adquisición : Compra fact. 0861 - - Precio : 102000 - - Proveedor : Temas y libros - - Fecha de adquisición : Mayo 2006
650 1 4 _aAPARATOS QUIRURGICOS
_930398
650 1 4 _aCIRUGIA - APARATOS E INSTRUMENTOS
_930399
650 1 4 _aINSTRUMENTOS Y APARATOS QUIRURGICOS
_930400
942 _2ddc
_cBK
999 _c29939
_d29939